00753 a2200181 4500003000500000005001700005010001600022020002900038040000900067082001600076100002700092245008900119260003200208300002700240505025100267650002500518700002800543Nust20221121103435.0 a 77367516 a0333192664 :a0333192672 cNust00a621.381,LIN1 aLind, Larry Frederick.10aAnalysis and design of sequential digital systems /cL. F. Lind and J. C. C. Nelson. aLondon :bMacmillan,c1977. aviii, 146 p. ;c24 cm. aIntroduction (Page-1), Review of Combinational Logic Techniques (Page-5), Introduction to Sequential Systems (Page-29), Asynchronous Sequential Systems (Page-54), Synchronous Sequential Systems (Page-104), Partial Design Consideration (Page-132)  0aTelecom engineering.1 aNelson, J. C. C.d1938-